[Event "4NCL Division 3"]
[Site "Daventry Court ENG"]
[Date "2014.05.03"]
[Round "9.59"]
[White "Twigge-Molecey, Billy"]
[Black "Pink, Joshua"]
[Result "1/2-1/2"]
[WhiteElo "1821"]
[BlackElo "1820"]
[PlyCount "113"]
[EventDate "2014.05.03"]
[WhiteTeam "Sussex Smart Survivors 2"]
[BlackTeam "Throw in the Tal"]

1. e4 e5 2. Nf3 Nf6 3. Nxe5 Nxe4 4. Qe2 Qe7 5. Qxe4 d6 6. d4 dxe5 7. dxe5 Nc6
8. Bb5 Bd7 9. O-O O-O-O 10. Re1 Nxe5 11. Bxd7+ Rxd7 12. Nc3 Nc6 13. Bf4 Qxe4
14. Nxe4 Be7 15. Rad1 Rhd8 16. Rxd7 Rxd7 17. g4 Nd4 18. Kf1 Nf3 19. Re3 Nd4 20.
c3 Ne6 21. Bg3 Rd1+ 22. Re1 Rd5 23. Re2 Kd7 24. Rd2 Rxd2 25. Nxd2 Nc5 26. b3
Bf6 27. c4 Bc3 28. Ke2 c6 29. f3 Ke6 30. Ke3 f5 31. Bf4 h6 32. gxf5+ Kxf5 33.
Bd6 Ne6 34. Ne4 Bd4+ 35. Kd3 Bg1 36. Bg3 Nf4+ 37. Kd2 b6 38. Nf2 Nh5 39. Ne4
Nxg3 40. hxg3 h5 41. Ke2 g5 42. Ke1 g4 43. Ke2 Bd4 44. Kd3 Be5 45. Ke2 c5 46.
Ke3 Bd4+ 47. Ke2 Ke5 48. Ng5 Bg1 49. Ne4 a5 50. Nc3 gxf3+ 51. Kxf3 Bd4 52. Na4
Bg1 53. Nxb6 Kd4 54. Nc8 Kc3 55. Ne7 a4 56. Nd5+ Kd4 57. Nb6 1/2-1/2

[Event "4NCL Division 3"]
[Site "Daventry Court ENG"]
[Date "2014.05.03"]
[Round "9.60"]
[White "Ireland, David J"]
[Black "Graham, William M"]
[Result "1-0"]
[WhiteElo "1895"]
[BlackElo "1805"]
[PlyCount "65"]
[EventDate "2014.05.03"]
[WhiteTeam "Throw in the Tal"]
[BlackTeam "Sussex Smart Survivors 2"]

1. e4 e6 2. c4 d5 3. cxd5 exd5 4. exd5 Qxd5 5. Nc3 Qe5+ 6. Be2 Bd6 7. d4 Qe7 8.
Nf3 Nf6 9. Bg5 h6 10. Bh4 g5 11. Bg3 Bf5 12. O-O O-O 13. Re1 Bxg3 14. hxg3 Qb4
15. Qd2 Rd8 16. Ne4 Nd5 17. Nf6+ Kg7 18. Nxd5 Qxd2 19. Nxd2 Rxd5 20. Bf3 Rb5
21. Re8 g4 22. Be2 Rxb2 23. Nc4 Rb4 24. d5 Bd7 25. Rd8 f6 26. Rc1 Ra4 27. Rc2
Bf5 28. Rb2 b6 29. Ne3 Bd7 30. Rc2 a5 31. Rxc7 Rxa2 32. Bxg4 a4 33. Bxd7 1-0

[Event "4NCL Division 3"]
[Site "Daventry Court ENG"]
[Date "2014.05.03"]
[Round "9.73"]
[White "Norris, Michael J"]
[Black "Homer, Neil S"]
[Result "1/2-1/2"]
[WhiteElo "1910"]
[BlackElo "1643"]
[PlyCount "62"]
[EventDate "2014.05.03"]
[WhiteTeam "Manchester Manticores 2"]
[BlackTeam "e2e4.org.uk 6"]

1. d4 d5 2. Nf3 c5 3. c3 cxd4 4. cxd4 Nc6 5. Nc3 Nf6 6. Bf4 Qb6 7. Qd2 Bg4 8.
e3 e6 9. a3 Be7 10. Be2 O-O 11. O-O Nh5 12. Bg3 Bxf3 13. Bxf3 Nxg3 14. hxg3 Bd6
15. b4 Qd8 16. Rfc1 Rc8 17. Rc2 Qf6 18. Rac1 Bb8 19. Na4 Bd6 20. Nc5 Bxc5 21.
Rxc5 g6 22. a4 Qd8 23. b5 Ne7 24. a5 b6 25. Rxc8 Nxc8 26. a6 Nd6 27. Qb4 Qd7
28. Be2 Rc8 29. Rxc8+ Nxc8 30. f3 Nd6 31. Kf2 Kg7 1/2-1/2

[Event "4NCL Division 3"]
[Site "Daventry Court ENG"]
[Date "2014.05.03"]
[Round "9.74"]
[White "Snook-Lumb, Chris"]
[Black "Pollard, Matthew B"]
[Result "1-0"]
[WhiteElo "1572"]
[BlackElo "1775"]
[PlyCount "45"]
[EventDate "2014.05.03"]
[WhiteTeam "e2e4.org.uk 6"]
[BlackTeam "Manchester Manticores 2"]

1. c4 Nf6 2. Nc3 c5 3. e4 d6 4. g3 g6 5. Bg2 Bg7 6. Nge2 O-O 7. d3 Nc6 8. O-O
Bd7 9. h3 Rb8 10. Be3 a6 11. Qd2 Re8 12. f4 b5 13. b3 Qa5 14. Rad1 b4 15. Nb1
e6 16. g4 h5 17. f5 hxg4 18. fxg6 e5 19. Bh6 gxh3 20. gxf7+ Kxf7 21. Bxg7 Kxg7
22. Qg5+ Kh7 23. Rxf6 1-0

[Event "4NCL Division 3"]
[Site "Daventry Court ENG"]
[Date "2014.05.03"]
[Round "9.191"]
[White "Balouka-Myers, Reuben"]
[Black "Asenov, Pavel"]
[Result "0-1"]
[WhiteElo "1534"]
[BlackElo "1877"]
[PlyCount "60"]
[EventDate "2014.05.03"]
[WhiteTeam "Barnet Knights 2"]
[BlackTeam "Witney"]

1. e4 c5 2. Nc3 Nc6 3. f4 g6 4. Bc4 Bg7 5. Nf3 e6 6. d3 Nge7 7. O-O O-O 8. Qe1
d5 9. Bb3 a6 10. a4 Rb8 11. Qh4 b5 12. axb5 axb5 13. Ng5 h6 14. Nf3 c4 15. Ba2
Ra8 16. f5 exf5 17. Bxh6 f6 18. Bxg7 Kxg7 19. exd5 Nb4 20. dxc4 Nxc2 21. Rac1
Ne3 22. Rfe1 Ng4 23. h3 Rh8 24. Qg3 Qb6+ 25. Kf1 Ne3+ 26. Ke2 b4 27. Na4 Rxa4
28. Bb3 f4 29. Qxf4 Nxg2 30. Qe4 Nf5 0-1

[Event "4NCL Division 3n"]
[Site "Redworth Hall ENG"]
[Date "2013.11.16"]
[Round "1.68"]
[White "Mort, Andrew J"]
[Black "Allinson, Julian RJ"]
[Result "0-1"]
[WhiteElo "2006"]
[BlackElo "2123"]
[PlyCount "84"]
[EventDate "2013.11.16"]
[WhiteTeam "Spirit of Atticus B"]
[BlackTeam "North East England 1"]

1. c4 c6 2. g3 Nf6 3. Bg2 e5 4. d4 Bb4+ 5. Nc3 d6 6. e3 exd4 7. Qxd4 O-O 8.
Nge2 d5 9. O-O dxc4 10. Qxc4 Qe7 11. a3 Bd6 12. b4 Nbd7 13. Bb2 Ne5 14. Qd4 Bg4
15. f4 Rfd8 16. fxe5 Bxe5 17. Qc4 Rd2 18. Bc1 Rxe2 19. Nxe2 Bxa1 20. Nd4 Rd8
21. h3 Bc8 22. Kh2 Qe5 23. Nf3 Qc3 24. Qh4 Qc2 25. Nd4 Qg6 26. Qf4 Re8 27. Qc7
h5 28. Nf3 Qf5 29. Nh4 Qe5 30. Qxe5 Bxe5 31. e4 Be6 32. Be3 Rd8 33. Nf3 Bb8 34.
e5 Nd5 35. Bg5 Re8 36. Re1 Bc7 37. Nd4 Bd7 38. Bxd5 cxd5 39. Bf4 g5 40. Bxg5
Rxe5 41. Rxe5 Bxe5 42. Nf3 Bb2 0-1

[Event "4NCL Division 3n"]
[Site "Redworth Hall ENG"]
[Date "2013.11.16"]
[Round "1.75"]
[White "Edwards, Simon R"]
[Black "Doran, Chris"]
[Result "0-1"]
[WhiteElo "1965"]
[BlackElo "1968"]
[PlyCount "72"]
[EventDate "2013.11.16"]
[WhiteTeam "Cheddleton 3"]
[BlackTeam "Holmes Chapel"]

1. e4 c5 2. Nc3 Nc6 3. f4 g6 4. Nf3 Bg7 5. Bb5 Nd4 6. O-O Nxb5 7. Nxb5 d5 8. e5
Qb6 9. Nc3 d4 10. Ne4 Nh6 11. Qe2 Be6 12. Nfg5 Bd5 13. Nf6+ Bxf6 14. exf6 Qxf6
15. c3 O-O 16. b3 Rae8 17. Ba3 b6 18. Qf2 e5 19. Qh4 Qg7 20. fxe5 Nf5 21. Qf4
Qxe5 22. g4 Nh4 23. cxd4 Qxf4 24. Rxf4 f6 25. Nh3 Nf3+ 26. Rxf3 Bxf3 27. dxc5
bxc5 28. Bxc5 Rf7 29. Nf2 h5 30. h3 hxg4 31. hxg4 Re5 32. Be3 Rd5 33. Rc1 f5
34. Nh3 fxg4 35. Ng5 Re7 36. Kf2 Rxe3 0-1

[Event "4NCL Division 3n"]
[Site "Redworth Hall ENG"]
[Date "2013.11.16"]
[Round "1.95"]
[White "Bowler, James P"]
[Black "Mulleady, Peter J"]
[Result "1/2-1/2"]
[WhiteElo "1702"]
[BlackElo "1895"]
[PlyCount "121"]
[EventDate "2013.11.16"]
[WhiteTeam "Bradford DCA Knights B"]
[BlackTeam "Manchester Manticores 2"]

1. e4 g6 2. Nc3 Bg7 3. d4 c5 4. Nf3 cxd4 5. Nxd4 Nc6 6. Be3 d6 7. Qd2 Bd7 8.
Bc4 a6 9. f3 Rc8 10. Bb3 Nf6 11. Nxc6 Rxc6 12. Bh6 Bxh6 13. Qxh6 Qa5 14. O-O
Be6 15. Bxe6 fxe6 16. Qe3 Qb6 17. Qxb6 Rxb6 18. Na4 Rc6 19. Rac1 Kf7 20. b3
Rhc8 21. Rf2 Nd7 22. Nb2 b5 23. Nd3 Rc3 24. Rd2 a5 25. Kf2 b4 26. Nb2 Nb6 27.
Nd1 R3c7 28. c4 d5 29. Ne3 dxc4 30. Nxc4 Nxc4 31. Rdc2 Rd7 32. bxc4 Rc5 33. Ke3
e5 34. Rb1 Ke6 35. g3 Rd4 36. Rbc1 Rd8 37. Rd2 Rdc8 38. Rd5 Rxc4 39. Rxc4 Rxc4
40. Rxa5 Rc3+ 41. Kf2 Rc2+ 42. Kg1 Kd6 43. Ra8 Rc3 44. Kf2 Kc5 45. h4 Kd4 46.
g4 Rc2+ 47. Kg3 Ke3 48. h5 Rf2 49. a4 Rxf3+ 50. Kh4 gxh5 51. Rb8 hxg4 52. Kxg4
Rf4+ 53. Kg5 Kxe4 54. a5 Rf6 55. Rxb4+ Kd3 56. Rb7 Ra6 57. Rxe7 Rxa5 58. Rxh7
e4+ 59. Kf4 Ra4 60. Re7 Rd4 61. Re8 1/2-1/2

[Event "4NCL Division 3n"]
[Site "Redworth Hall ENG"]
[Date "2013.11.16"]
[Round "1.108"]
[White "Cowan, Richard M"]
[Black "Bramson, Mike"]
[Result "1-0"]
[WhiteElo "1787"]
[BlackElo "1803"]
[PlyCount "136"]
[EventDate "2013.11.16"]
[WhiteTeam "Jorvik"]
[BlackTeam "Bradford DCA Knights C"]

1. Nf3 d5 2. c4 c6 3. g3 Nf6 4. Bg2 e6 5. b3 Nbd7 6. O-O Bd6 7. Bb2 O-O 8. d3
Re8 9. Nbd2 Qe7 10. Qc2 e5 11. Rac1 e4 12. Nd4 Ne5 13. dxe4 dxe4 14. Nxe4 Nxe4
15. Qxe4 Ng6 16. Qxe7 Rxe7 17. e4 Ne5 18. Rfd1 Bc7 19. h3 f6 20. Kh2 Ng6 21.
Rc2 h5 22. Ne2 f5 23. Ba3 Rf7 24. Bd6 Bxd6 25. Rxd6 Kh7 26. Nd4 f4 27. Nf3 Rf6
28. Ng5+ Kh6 29. Rxf6 gxf6 30. Nf7+ Kg7 31. Nd6 fxg3+ 32. fxg3 Ne5 33. Rf2 h4
34. Ne8+ Kf7 35. Nxf6 hxg3+ 36. Kxg3 Kg7 37. Ne8+ Kg8 38. Nd6 a6 39. c5 a5 40.
Bf1 a4 41. b4 Be6 42. a3 Rb8 43. Rf6 Bb3 44. Kf4 Nd7 45. Rf5 b6 46. cxb6 Rxb6
47. Bc4+ Bxc4 48. Nxc4 Rb8 49. e5 Nf8 50. Rf6 Nd7 51. Rg6+ Kh7 52. Rxc6 Rf8+
53. Ke4 Nb8 54. Rc7+ Kg6 55. Nd6 Rh8 56. Rc8 Rh4+ 57. Kd5 Nd7 58. Rg8+ Kh7 59.
Rg3 Rh5 60. Nf7 Nf6+ 61. Ke6 Ne4 62. Re3 Nf2 63. b5 Kg7 64. Rg3+ Kf8 65. b6 Ne4
66. Rf3 Nc5+ 67. Kd5 Nd7 68. b7 Ke7 1-0

[Event "4NCL Division 3n"]
[Site "Redworth Hall ENG"]
[Date "2013.11.16"]
[Round "1.55"]
[White "Williamson, Roger G"]
[Black "Carleton, John J"]
[Result "1/2-1/2"]
[WhiteElo "2143"]
[BlackElo "2252"]
[PlyCount "48"]
[EventDate "2013.11.16"]
[WhiteTeam "Ferry 'Cross the Maroczy 1"]
[BlackTeam "Spirit of Atticus A"]

1. e4 c6 2. d4 d5 3. e5 Bf5 4. Nf3 e6 5. Be2 Nd7 6. O-O Bg6 7. b3 Nh6 8. Bb2 f6
9. exf6 Qxf6 10. Nbd2 Bd6 11. Re1 O-O 12. Nf1 e5 13. dxe5 Nxe5 14. Bxe5 Bxe5
15. Nxe5 Qxe5 16. Bd3 Qd4 17. Ne3 Bxd3 18. Qxd3 Qxd3 19. cxd3 a5 20. a3 g6 21.
h3 Rfe8 22. Kf1 Nf7 23. Nc2 Nd6 24. Rxe8+ Rxe8 1/2-1/2

[Event "4NCL Division 3n"]
[Site "Redworth Hall ENG"]
[Date "2013.11.16"]
[Round "1.57"]
[White "Lilley, Graham"]
[Black "Jowett, Peter E"]
[Result "0-1"]
[WhiteElo "2105"]
[BlackElo "2159"]
[PlyCount "66"]
[EventDate "2013.11.16"]
[WhiteTeam "Ferry 'Cross the Maroczy 1"]
[BlackTeam "Spirit of Atticus A"]

1. d4 c5 2. d5 Nf6 3. c4 d6 4. Nc3 g6 5. e4 Bg7 6. Nf3 O-O 7. h3 a6 8. Bd3 b5
9. cxb5 axb5 10. O-O b4 11. Ne2 Ba6 12. Be3 Nfd7 13. Bxa6 Nxa6 14. Qd2 Re8 15.
Bh6 Bh8 16. Rfc1 Nf6 17. Ng3 Nc7 18. Nh2 e6 19. dxe6 Nxe6 20. Nf3 d5 21. exd5
Qxd5 22. Rd1 Qxd2 23. Rxd2 Red8 24. Rc2 b3 25. Rc3 bxa2 26. Ra3 Rxa3 27. bxa3
Ng4 28. Rxa2 Nxh6 29. a4 Nf5 30. Nxf5 gxf5 31. Kf1 Nd4 32. Nd2 Nc6 33. a5 Nb4
0-1

[Event "4NCL Division 3n"]
[Site "Redworth Hall ENG"]
[Date "2013.11.16"]
[Round "1.69"]
[White "Wise, David"]
[Black "Connor, Stephen J"]
[Result "0-1"]
[WhiteElo "2117"]
[BlackElo "2004"]
[PlyCount "60"]
[EventDate "2013.11.16"]
[WhiteTeam "North East England 1"]
[BlackTeam "Spirit of Atticus B"]

1. d4 Nf6 2. c4 e6 3. Nc3 Bb4 4. e3 O-O 5. Nge2 d5 6. a3 Be7 7. cxd5 exd5 8.
Nf4 c6 9. Bd3 Bd6 10. O-O Re8 11. f3 Qc7 12. g3 Bxf4 13. exf4 Bh3 14. Re1 Nbd7
15. Be3 h5 16. Qd2 Nb6 17. b3 Qd6 18. f5 Qd7 19. Qc2 Nc8 20. Bf4 Nd6 21. Bxd6
Qxd6 22. Ne2 Nh7 23. Kf2 Qf6 24. Rac1 Ng5 25. Rg1 Re7 26. g4 hxg4 27. fxg4 Rae8
28. Rg3 Rxe2+ 29. Bxe2 Qxd4+ 30. Ke1 Ne4 0-1

[Event "4NCL Division 3n"]
[Site "Redworth Hall ENG"]
[Date "2013.11.16"]
[Round "1.76"]
[White "Clark, Robert G"]
[Black "Jamieson, Ian M"]
[Result "1-0"]
[WhiteElo "1997"]
[BlackElo "1995"]
[PlyCount "89"]
[EventDate "2013.11.16"]
[WhiteTeam "Holmes Chapel"]
[BlackTeam "Cheddleton 3"]

1. e4 e6 2. d4 d5 3. Nc3 Nf6 4. Bg5 Be7 5. e5 Nfd7 6. Bxe7 Qxe7 7. f4 c5 8. Nb5
Kd8 9. Nf3 Nc6 10. dxc5 Qxc5 11. Qd2 h6 12. c3 a6 13. Nbd4 Nxd4 14. Nxd4 Nb8
15. Be2 Nc6 16. O-O Nxd4 17. Qxd4 Qxd4+ 18. cxd4 Bd7 19. Rf3 Ke7 20. Rc1 Rac8
21. Rfc3 Rc6 22. Rxc6 bxc6 23. b4 Ra8 24. Rc5 Kd8 25. Ra5 Bc8 26. Kf2 Kc7 27.
Bh5 Rb8 28. a3 g6 29. Be2 Kb6 30. Rc5 Bb7 31. g4 Rf8 32. Kg3 f6 33. Bd3 g5 34.
f5 Bc8 35. Rc2 h5 36. fxe6 h4+ 37. Kg2 fxe5 38. dxe5 Bxe6 39. h3 Bd7 40. Re2
Be6 41. Rf2 Rxf2+ 42. Kxf2 a5 43. bxa5+ Kxa5 44. Bf5 Bf7 45. Bd7 1-0

[Event "4NCL Division 3n"]
[Site "Redworth Hall ENG"]
[Date "2013.11.16"]
[Round "1.78"]
[White "Turner, John M"]
[Black "Armstrong, William G"]
[Result "1-0"]
[WhiteElo "2036"]
[BlackElo "1879"]
[PlyCount "63"]
[EventDate "2013.11.16"]
[WhiteTeam "Holmes Chapel"]
[BlackTeam "Cheddleton 3"]

1. e4 c5 2. Nc3 d6 3. f4 Nc6 4. Nf3 g6 5. Bb5 Bg7 6. d3 e6 7. Bxc6+ bxc6 8. O-O
d5 9. Bd2 Nf6 10. e5 Nd7 11. Na4 Bf8 12. c4 Be7 13. b3 Bb7 14. Qe1 Qc7 15. Ba5
Qc8 16. Rc1 d4 17. Nd2 f5 18. exf6 Nxf6 19. Qe5 O-O 20. Rce1 Ng4 21. Qxe6+ Qxe6
22. Rxe6 Kf7 23. Ree1 Ne3 24. Rf2 Bd6 25. Ne4 Ke7 26. Naxc5 Bxf4 27. g3 Bxg3
28. hxg3 Rxf2 29. Kxf2 Rf8+ 30. Kg1 Bc8 31. Bc7 Bf5 32. Bd6+ 1-0

[Event "4NCL Division 3n"]
[Site "Redworth Hall ENG"]
[Date "2013.11.16"]
[Round "1.85"]
[White "Waters, Clive L"]
[Black "Wallace, Paul A"]
[Result "1-0"]
[WhiteElo "2109"]
[BlackElo "2145"]
[PlyCount "75"]
[EventDate "2013.11.16"]
[WhiteTeam "North East England 2"]
[BlackTeam "Cheddleton 2"]

1. Nf3 Nf6 2. c4 g6 3. g3 Bg7 4. Bg2 O-O 5. O-O d6 6. d4 Nc6 7. Nc3 a6 8. Bd2
Nd7 9. d5 Nce5 10. b3 Nxf3+ 11. Bxf3 b5 12. cxb5 axb5 13. Rc1 Rb8 14. Qc2 Ne5
15. Bg2 e6 16. Rfd1 exd5 17. Nxd5 c6 18. Nf4 Bf5 19. Be4 Bxe4 20. Qxe4 Re8 21.
Qg2 b4 22. Be3 Qe7 23. Bd4 h5 24. e3 h4 25. Bxe5 dxe5 26. Nd3 e4 27. Nf4 Red8
28. Qf1 hxg3 29. hxg3 Bc3 30. Qc4 Rxd1+ 31. Rxd1 Ra8 32. Qxc6 Rxa2 33. Qc8+ Kg7
34. Rd8 Ra3 35. Kg2 Qg5 36. Rg8+ Kh7 37. Rf8 Qf6 38. Qh3+ 1-0

[Event "4NCL Division 3n"]
[Site "Redworth Hall ENG"]
[Date "2013.11.16"]
[Round "1.105"]
[White "Edwards-Wright, Miles D"]
[Black "White, Mark W"]
[Result "0-1"]
[WhiteElo "1936"]
[BlackElo "2081"]
[PlyCount "98"]
[EventDate "2013.11.16"]
[WhiteTeam "Bradford DCA Knights C"]
[BlackTeam "Jorvik"]

1. b3 e5 2. Bb2 d6 3. e3 Nf6 4. g3 Be7 5. Bg2 Nc6 6. Ne2 Bg4 7. h3 Be6 8. Nbc3
d5 9. d4 exd4 10. Nxd4 Nxd4 11. Qxd4 c6 12. Ne2 Qb6 13. O-O Qxd4 14. Nxd4 O-O
15. Nxe6 fxe6 16. Rad1 a5 17. Bc3 Bb4 18. Bb2 a4 19. a3 Be7 20. b4 c5 21. c3
Rfc8 22. Rc1 Rc7 23. Rfd1 Kf7 24. Kf1 g6 25. Ke2 Bf8 26. c4 cxb4 27. cxd5 Rxc1
28. Rxc1 Nxd5 29. axb4 a3 30. Ba1 Bxb4 31. Bxd5 exd5 32. Rc7+ Ke6 33. Rxb7 Bd6
34. f4 a2 35. Kd2 Ra3 36. Rb6 Kd7 37. Rb7+ Kc6 38. Rb2 Bc5 39. Rc2 Kb6 40. Kc1
Bxe3+ 41. Kb2 Ra8 42. Kb3 d4 43. Rxa2 Rxa2 44. Kxa2 Kc5 45. Kb3 Kd5 46. Bb2 Ke4
47. Ba3 Kf3 48. Bd6 d3 49. g4 d2 0-1

[Event "4NCL Division 3n"]
[Site "Redworth Hall ENG"]
[Date "2013.11.16"]
[Round "1.107"]
[White "Dossett, Christopher S"]
[Black "Flint, Martina"]
[Result "1/2-1/2"]
[WhiteElo "1936"]
[BlackElo "1854"]
[PlyCount "94"]
[EventDate "2013.11.16"]
[WhiteTeam "Bradford DCA Knights C"]
[BlackTeam "Jorvik"]

1. Nf3 f5 2. e4 fxe4 3. Ng5 Nf6 4. d3 exd3 5. Bxd3 e5 6. Nxh7 Qe7 7. Bg6+ Kd8
8. Ng5 Rh4 9. Nf7+ Ke8 10. Nd6+ Kd8 11. Nf5 Re4+ 12. Be3 Qb4+ 13. Nd2 Rg4 14.
Bf7 d6 15. Ng3 Qb5 16. h3 Rb4 17. Bb3 Nbd7 18. c4 Qc6 19. a3 Rxb3 20. Qxb3 Qxg2
21. O-O-O b6 22. Qc2 Bb7 23. Rdg1 Qc6 24. Bg5 Qc5 25. Nge4 Qa5 26. Rh2 d5 27.
cxd5 Bxd5 28. Nc3 Kc8 29. Nxd5 Qxd5 30. Rd1 Kb7 31. f4 exf4 32. Bxf4 Rc8 33.
Nc4 Qf3 34. Qg2 Qxg2 35. Rxg2 Nc5 36. Be5 Ncd7 37. Bxf6 Nxf6 38. Ne3 Nh5 39.
Rd7 Nf4 40. Rg4 Ne6 41. Nf5 Nc5 42. Rf7 Nd3+ 43. Kc2 Ne5 44. Rgxg7 Nxf7 45.
Rxf7 Kc6 46. Ne7+ Bxe7 47. Rxe7 Rh8 1/2-1/2

[Event "4NCL Division 3n"]
[Site "Redworth Hall ENG"]
[Date "2013.11.16"]
[Round "1.59"]
[White "Hawkins, James NH"]
[Black "Ackley, Peter JE"]
[Result "1/2-1/2"]
[WhiteElo "1946"]
[BlackElo "2020"]
[PlyCount "33"]
[EventDate "2013.11.16"]
[WhiteTeam "Ferry 'Cross the Maroczy 1"]
[BlackTeam "Spirit of Atticus A"]

1. e4 d6 2. d4 Nf6 3. Nc3 g6 4. Nf3 Bg7 5. h3 O-O 6. Be2 c6 7. a4 Nbd7 8. O-O
Qc7 9. Be3 b6 10. Qd2 a6 11. Bh6 Bb7 12. Bxg7 Kxg7 13. Qe3 e5 14. dxe5 dxe5 15.
Rfd1 Rfd8 16. Rd2 Nf8 17. Rad1 1/2-1/2

[Event "4NCL Division 3n"]
[Site "Redworth Hall ENG"]
[Date "2013.11.16"]
[Round "1.65"]
[White "Walker, David J"]
[Black "Robertson, David J"]
[Result "1-0"]
[WhiteElo "2259"]
[BlackElo "1935"]
[PlyCount "67"]
[EventDate "2013.11.16"]
[WhiteTeam "North East England 1"]
[BlackTeam "Spirit of Atticus B"]

1. c4 c5 2. g3 g6 3. Bg2 Bg7 4. Nc3 Nc6 5. Nf3 e5 6. O-O Nge7 7. Ne1 O-O 8. Nc2
d6 9. d3 Be6 10. Ne3 Qd7 11. Rb1 Bh3 12. a3 Bxg2 13. Kxg2 a5 14. Bd2 Nd4 15. b4
axb4 16. axb4 b6 17. f3 f5 18. Ned5 Nxd5 19. Nxd5 Rab8 20. e3 Ne6 21. bxc5 bxc5
22. Qc2 g5 23. Rxb8 Rxb8 24. Rb1 Rxb1 25. Qxb1 g4 26. Qb8+ Kf7 27. f4 exf4 28.
gxf4 Kg6 29. Qa8 Qd8 30. Qc6 h5 31. Nb6 Bf8 32. Bc3 Qe7 33. Nd5 Qd8 34. Bf6 {
B lost on time} 1-0

[Event "4NCL Division 3n"]
[Site "Redworth Hall ENG"]
[Date "2013.11.16"]
[Round "1.86"]
[White "Richardson, Alex"]
[Black "Henderson, David"]
[Result "1/2-1/2"]
[WhiteElo "2111"]
[BlackElo "2071"]
[PlyCount "122"]
[EventDate "2013.11.16"]
[WhiteTeam "Cheddleton 2"]
[BlackTeam "North East England 2"]

1. Nf3 d5 2. g3 Nf6 3. Bg2 e6 4. O-O Be7 5. d3 c5 6. Nbd2 O-O 7. e4 Nc6 8. Re1
Qc7 9. e5 Nd7 10. Qe2 b6 11. Nf1 Bb7 12. Bf4 Rae8 13. h4 Qc8 14. Bh3 Nd8 15.
Ng5 Bxg5 16. hxg5 Nc6 17. Nh2 Ne7 18. Ng4 Nf5 19. c3 d4 20. c4 Qc6 21. Kh2 Qf3
22. Qxf3 Bxf3 23. a3 Rb8 24. b4 b5 25. cxb5 Rxb5 26. Bd2 Rfb8 27. Kg1 a6 28.
Nh2 Bd5 29. Rec1 Nxe5 30. Bf4 Nxd3 31. Bxb8 Rxb8 32. Rd1 c4 33. Bf1 Nb2 34. Rd2
c3 35. Rxb2 cxb2 36. Rb1 Rb6 37. Rxb2 e5 38. Rc2 f6 39. Rc5 Ne7 40. gxf6 gxf6
41. f3 Kf7 42. Bd3 h5 43. Kf2 Ke6 44. Nf1 Bb7 45. Nd2 Kd7 46. Nb3 Rc6 47. Be4
Rb6 48. Bxb7 Rxb7 49. Ra5 Rb6 50. Nc5+ Kd6 51. Rxa6 Rxa6 52. Nxa6 Kd5 53. b5
Nc8 54. Nc7+ Kc4 55. a4 Kb4 56. Nd5+ Kxa4 57. b6 Nd6 58. Nxf6 Kb5 59. Nd7 e4
60. fxe4 Nxe4+ 61. Kf3 Nd6 1/2-1/2

[Event "4NCL Division 3n"]
[Site "Redworth Hall ENG"]
[Date "2013.11.16"]
[Round "1.87"]
[White "Kendall, Paul SN"]
[Black "Armstrong, Malcolm J"]
[Result "0-1"]
[WhiteElo "2028"]
[BlackElo "2116"]
[PlyCount "46"]
[EventDate "2013.11.16"]
[WhiteTeam "North East England 2"]
[BlackTeam "Cheddleton 2"]

1. e4 c6 2. d4 d5 3. exd5 cxd5 4. Bd3 Nc6 5. c3 g6 6. Bf4 Bg7 7. Nf3 Nf6 8.
Nbd2 O-O 9. h4 Bg4 10. Qb1 Nh5 11. Bh2 e5 12. dxe5 Re8 13. O-O Nxe5 14. Bxe5
Bxe5 15. Nxe5 Rxe5 16. g3 Qb6 17. Kg2 Rae8 18. a4 a6 19. Ra3 Qe6 20. Rh1 d4 21.
cxd4 Qd5+ 22. f3 Re2+ 23. Kf1 Rxd2 0-1

[Event "4NCL Division 3n"]
[Site "Redworth Hall ENG"]
[Date "2013.11.16"]
[Round "1.89"]
[White "Plater, Ron"]
[Black "Zhang, Zheming"]
[Result "0-1"]
[WhiteElo "1966"]
[BlackElo "1795"]
[PlyCount "94"]
[EventDate "2013.11.16"]
[WhiteTeam "North East England 2"]
[BlackTeam "Cheddleton 2"]

1. d4 e6 2. Nf3 f5 3. b3 Nf6 4. Bb2 Be7 5. Nc3 O-O 6. e3 b6 7. d5 Bb7 8. dxe6
dxe6 9. Bc4 Nd5 10. O-O Bf6 11. Na4 Nd7 12. Nd4 Bxd4 13. Qxd4 Qg5 14. f4 Nxf4
15. Qxg7+ Qxg7 16. Bxg7 Kxg7 17. exf4 Kf6 18. Rfe1 Be4 19. Rad1 Nc5 20. Nxc5
bxc5 21. Kf2 Rad8 22. c3 Rd6 23. g3 Rfd8 24. Rxd6 cxd6 25. Rd1 d5 26. Be2 e5
27. a3 exf4 28. gxf4 Bc2 29. Rd2 Bxb3 30. Rb2 c4 31. Bf3 d4 32. cxd4 Rxd4 33.
Kg3 Rd3 34. Kf2 Rc3 35. Rd2 Rc2 36. Ke3 Rc3+ 37. Ke2 Ke7 38. Bg2 Bc2 39. Kf2
Bd3 40. a4 Kd6 41. Bf3 Kc5 42. Bd1 Kd4 43. Kf3 Rc1 44. Be2 Re1 45. Bxd3 cxd3
46. Rb2 Kc3 47. Rb7 d2 0-1

[Event "4NCL Division 3n"]
[Site "Redworth Hall ENG"]
[Date "2013.11.16"]
[Round "1.96"]
[White "Hilton, Tim"]
[Black "Jennings, Roger W"]
[Result "1/2-1/2"]
[WhiteElo "1742"]
[BlackElo "2146"]
[PlyCount "56"]
[EventDate "2013.11.16"]
[WhiteTeam "Manchester Manticores 2"]
[BlackTeam "Bradford DCA Knights B"]

1. e4 g6 2. d4 Bg7 3. c3 d6 4. Bd3 Nf6 5. h3 O-O 6. Nf3 Nbd7 7. Be3 e5 8. O-O
Re8 9. d5 Nh5 10. c4 Nf4 11. Nc3 Nf6 12. c5 N6h5 13. Rc1 dxc5 14. Bb5 Bd7 15.
Bxd7 Qxd7 16. Bxc5 Nxg2 17. Kxg2 Nf4+ 18. Kg1 Qxh3 19. Ne1 Qh4 20. Ng2 Nh3+ 21.
Kh2 Qh6 22. Kg3 f5 23. Nh4 Bf6 24. Kxh3 Qxh4+ 25. Kg2 Qg5+ 26. Kh1 Qh4+ 27. Kg2
Qg5+ 28. Kh1 Qh4+ 1/2-1/2

[Event "4NCL Division 3n"]
[Site "Redworth Hall ENG"]
[Date "2013.11.16"]
[Round "1.115"]
[White "Hamer, Martyn"]
[Black "Boumphrey, Luke S"]
[Result "1-0"]
[WhiteElo "2005"]
[BlackElo "1989"]
[PlyCount "63"]
[EventDate "2013.11.16"]
[WhiteTeam "Manchester Manticores 1"]
[BlackTeam "Ferry 'Cross the Maroczy 2"]

1. Nf3 Nf6 2. c4 g6 3. g3 Bg7 4. Bg2 O-O 5. O-O d6 6. d4 c6 7. Nc3 a5 8. e4
Nbd7 9. Rb1 e5 10. h3 Re8 11. d5 cxd5 12. cxd5 Nc5 13. Re1 b6 14. Bf1 Bd7 15.
b3 Qc8 16. Kh2 b5 17. Bxb5 Bxb5 18. Nxb5 Nfxe4 19. Qc2 Qd7 20. a4 Qf5 21. Nh4
Qxf2+ 22. Qxf2 Nxf2 23. Nc7 Ncd3 24. Rf1 e4 25. Be3 Rec8 26. Nxa8 Rc2 27. Ng2
f5 28. Nb6 Be5 29. Nc4 f4 30. gxf4 Bxf4+ 31. Bxf4 Nxf4 32. Nxf4 1-0

[Event "4NCL Division 3n"]
[Site "Redworth Hall ENG"]
[Date "2013.11.17"]
[Round "2.56"]
[White "Timson, Paul F"]
[Black "Ivell, Nicholas W"]
[Result "1/2-1/2"]
[WhiteElo "2130"]
[BlackElo "2288"]
[PlyCount "67"]
[EventDate "2013.11.17"]
[WhiteTeam "Manchester Manticores 1"]
[BlackTeam "Spirit of Atticus A"]

1. d4 d5 2. c4 e6 3. Nc3 c5 4. cxd5 exd5 5. Nf3 Nc6 6. g3 Nf6 7. Bg2 Be7 8. O-O
O-O 9. dxc5 Bxc5 10. Bg5 d4 11. Bxf6 Qxf6 12. Ne4 Qe7 13. Nxc5 Qxc5 14. Qd2 Bg4
15. Rac1 Qb6 16. Rfd1 Rad8 17. h3 Bh5 18. g4 Bg6 19. Nh4 Rfe8 20. Nxg6 hxg6 21.
Rc4 Qa6 22. Bxc6 bxc6 23. Rxd4 Rxd4 24. Qxd4 Qxe2 25. Kg2 c5 26. Qd7 g5 27. Rd2
Qe4+ 28. Kg1 g6 29. a3 Kg7 30. Qd3 Qe1+ 31. Kg2 Kg8 32. Rd1 Qe5 33. Rd2 Qe1 34.
Rd1 1/2-1/2

[Event "4NCL Division 3n"]
[Site "Redworth Hall ENG"]
[Date "2013.11.17"]
[Round "2.66"]
[White "Dargan, Paul AG"]
[Black "White, Mark W"]
[Result "1-0"]
[WhiteElo "2169"]
[BlackElo "2081"]
[PlyCount "79"]
[EventDate "2013.11.17"]
[WhiteTeam "North East England 1"]
[BlackTeam "Jorvik"]

1. e4 c5 2. Nf3 Nc6 3. c3 e6 4. d4 d5 5. exd5 exd5 6. Bb5 Nf6 7. O-O Be7 8.
dxc5 O-O 9. Be3 Bg4 10. Nbd2 Qc7 11. Bxc6 bxc6 12. Qa4 a5 13. Bd4 Bh5 14. Ne5
Rfc8 15. Rfe1 Qb7 16. Nxc6 Bxc5 17. Bxc5 Rxc6 18. Bd4 Qa6 19. Bxf6 gxf6 20. Qd4
Rd6 21. Re3 Rad8 22. Rae1 Qb5 23. b3 Qd7 24. h3 Bg6 25. Nf3 Be4 26. Nh4 Bg6 27.
Nxg6 hxg6 28. Re7 Qf5 29. Qa7 R6d7 30. Rxd7 Rxd7 31. Qxa5 Qc2 32. Qc5 Qd2 33.
Qe3 Qxe3 34. Rxe3 f5 35. a4 Kg7 36. a5 Kf6 37. b4 g5 38. b5 f4 39. Re8 d4 40.
cxd4 1-0